000 01114nac a22003617a 4500
001 BR8202102
003 BR-BrBNA
005 20240105115306.0
008 230509b bl.|||m| |||| 00| 0 por d
040 _aBR-BrBNA
_bpor
_cBiblioteca Nacional de Agricultura
072 _aQ10; L32; E70
090 _a9000 BR8202102
110 1 _aFundacao Instituto Brasileiro de Geografia e Estatistica, Rio de Janeiro, RJ
245 1 _aArmazenagem e estocagem a seco e a frio. Santa Catarina - Rio Grande do Sul [Brasil]
260 3 _aRio de Janeiro, RJ (Brasil):
_c1982.
300 _a270 p.
490 _aArmazenagem e Estocagem a Seco e a Frio (Brazil)
_vv. 3(8)
_xISSN 0101-028X
500 _aNumerical data
650 _aALIMENTO
650 _aARMAZENAMENTO
650 _aMERCADORIA
650 _aARMAZEM
650 _aSILO
650 _aFRIGORIFICO
650 _aCONGELAMENTO
650 _aESTOCAGEM
650 _aGELO
650 _aESTATISTICA COMERCIAL
650 _aSANTA CATARINA
650 _aRIO GRANDE DO SUL
909 _a202312
_bLúcia Elande
_c55
_dLúcia Elande
942 _2AGRIS
_n0
_cMS
999 _c274110
_d274110